000 00722nam a22002177a 4500
003 UA-OsUOA
001 66705
007 ta
008 20100122b un ||||| |||| 00| 0 ukr d
100 _aЗемсков С.
090 _a659
_bЗ-55
942 _cSA
040 _aUA-OsUOA
_brus
_cUA-OsUOA
_dUA-OsUOA
245 _aСоциальная реклама как коммуникационый ресурс управления
300 _aС.41-45
955 _a0
041 _arus
080 _a659
773 0 _w66704
_tВласть
_dМ.
_d2009
_g10
650 7 _a659 Реклама. Система інформації. Громадська інформація та реклама (Паблик-Рилейшнз)
_2UDC
999 _c352780
_d352780